00507 2200205 4500001002100000008004100021035002000062245006100082100001500143250000600158260004200164300001100206084001400217082000800231650001400239990001200253990001200265990001200277990001200289INLIS000000000000575 ind  a0010-0424000551 aInstalasi Listrik Tenaga Bangunan BertingkatcSurismanto aSurismanto a1 aKlaten :bSaka Mitra Kompetensic2011 a76 hlm a600 SUR i a600 aNon Fiksi a0722328 a0722329 a0722330 a0722331